000 00599cam a2200193 4500
001 D3807
008 090401t1977 xxu||||| |||| 00| 0 eng d
035 _a(Sirsi) u75075
041 _aeng
050 _a692.3
100 _aFlanagan, Roger
245 4 _aThe relationship between the various categories of bill items, particularly: preliminaries; items related to time; value and occurence and sub-contracts
260 _aLondon
_bStandard Method of Measurement Developme
_c1977
300 _a4 leaves. 30cm
350 _a0
520 _aFiled at SMMDU/13
942 _n0
948 _c04/03/1997
999 _c95956
_d95956